Propuesta para el mantenimiento periódico – rutinario del tramo: empalme Santo Rita – Villa Carlos Fonseca – empalme Masachapa 31.45 kms de longitud
El presente trabajo, consiste en brindar una propuesta para el mantenimiento periódico - rutinario al tramo: Empalme Santa Rita – Villa Carlos Fonseca – Empalme Masachapa, esto con el fin de mejorar los principales componentes (carpeta de rodamiento, drenajes, obras convexas y obras de señalamient...
| Main Authors: | , |
|---|---|
| Other Authors: | |
| Format: | Tesis Section = Libro |
| Language: | Undetermined Spanish |
| Published: |
Managua
UNI
2022
|
| Subjects: |
| LEADER | 01227nam a2200265Ia 4500 | ||
|---|---|---|---|
| 008 | 240830s9999 xx 000 0 und d | ||
| 040 | |a BIBLIOTECA-RUPAP/ Mon 625.76 R175 | ||
| 041 | |a spa | ||
| 082 | |a Mon 625.76 R175 | ||
| 100 | 1 | |a Ramos Marcia, Haymark Amilkar | |
| 100 | 1 | |b Rodríguez Ordoñez, Manuel Antonio | |
| 245 | 1 | 0 | |a Propuesta para el mantenimiento periódico – rutinario del tramo: empalme Santo Rita – Villa Carlos Fonseca – empalme Masachapa 31.45 kms de longitud |
| 260 | |a Managua |b UNI |c 2022 | ||
| 300 | |a 85 p. :il. | ||
| 500 | |a Contiene: anexos y CD. | ||
| 502 | |a Tesis (Ingeniero Civil) - UNI, 2022. | ||
| 520 | 3 | |a El presente trabajo, consiste en brindar una propuesta para el mantenimiento periódico - rutinario al tramo: Empalme Santa Rita – Villa Carlos Fonseca – Empalme Masachapa, esto con el fin de mejorar los principales componentes (carpeta de rodamiento, drenajes, obras convexas y obras de señalamiento vial | |
| 650 | 7 | |a CARRETERAS-MANTENIMIENTO Y REPARACION | |
| 650 | 7 | |b PAVIMENTOS | |
| 650 | 7 | |c MANTENIMIENTO DE SEÑALES VIALES | |
| 650 | 7 | |d INVENTARIO VIAL | |
| 700 | 1 | |a Tutor: |b Sánchez Rocha, Keving Roberto | |
| 942 | |c BK |2 ddc | ||
| 991 | |a Tesis | ||
| 999 | |c 27717 | ||